|
|
|
|
| LEADER |
00000nam a2200000 4500 |
| 001 |
673454 |
| 005 |
20240704141340.0 |
| 090 |
|
|
|a 673454
|
| 100 |
|
|
|a 20240701d1979 k||y0rusy50 ca
|
| 101 |
0 |
|
|a rus
|
| 102 |
|
|
|a RU
|
| 105 |
|
|
|a a z 001yy
|
| 181 |
|
0 |
|a i
|b e
|
| 182 |
|
0 |
|a n
|
| 183 |
|
0 |
|a nc
|2 RDAcarrier
|
| 200 |
1 |
|
|a Деформация металла в многовалковых калибрах
|f М. Г. Поляков, В. А. Никифоров, Г. С. Кун
|
| 203 |
|
|
|a Текст
|b визуальный
|c непосредственный
|
| 210 |
|
|
|a Москва
|c Металлургия
|d 1979
|
| 215 |
|
|
|a 240 с.
|c ил.
|
| 283 |
|
|
|a volume
|2 RDAcarrier
|
| 320 |
|
|
|a Список литературы: с. 237-238
|
| 606 |
1 |
|
|a Прокатные станы
|x Калибровка
|9 70591
|
| 610 |
1 |
|
|a многовалковые калибры
|
| 610 |
1 |
|
|a применение
|
| 610 |
1 |
|
|a металл
|
| 610 |
1 |
|
|a формоизменение
|
| 610 |
1 |
|
|a системы
|
| 610 |
1 |
|
|a элементы
|
| 610 |
1 |
|
|a расчет
|
| 610 |
1 |
|
|a прокатка
|
| 610 |
1 |
|
|a металлы
|
| 610 |
1 |
|
|a захват
|
| 610 |
1 |
|
|a температурные режимы
|
| 610 |
1 |
|
|a деформация
|
| 610 |
1 |
|
|a энергосиловые условия
|
| 610 |
1 |
|
|a профиль
|
| 610 |
1 |
|
|a продольная разномерность
|
| 675 |
|
|
|a 621.771.2.073.8
|v 4
|
| 700 |
1 |
|
|a Поляков
|b М. Г.
|g Михаил Георгиевич
|
| 701 |
1 |
|
|a Никифоров
|b Б. А.
|g Борис Александрович
|
| 701 |
1 |
|
|a Гун
|b Г. С.
|g Геннадий Семенович
|
| 801 |
|
0 |
|a RU
|b 63413507
|c 20240701
|
| 830 |
|
|
|a Ретро2024Каталогизация Шило
|
| 850 |
|
|
|a 63413507
|
| 942 |
|
|
|c BK
|